| 000 | 00919cam a2200301Mi 4500 | ||
|---|---|---|---|
| 001 | 50603 | ||
| 005 | 20230411090004.0 | ||
| 008 | 070727s2007 sp 000 0 spa d | ||
| 035 | _a(OCoLC)ocn159605665 | ||
| 040 |
_aPL# _bspa _cPL# |
||
| 020 | _a8497451651 | ||
| 020 | _a9788497451659 | ||
| 029 | 0 |
_aPL# _b070011686 |
|
| 035 | _a(OCoLC)159605665 | ||
| 049 | _aGRAL | ||
| 245 | 0 | 0 |
_aDebates electorales televisados : _bel caso de Madrid, 2003 / _cJose Luis Arceo Vacas (coord.) ... [et al.]. |
| 250 | _a1. ed. | ||
| 260 |
_aLa Coruña : _bNetbiblo, _cc2007. |
||
| 300 |
_a205 p. ; _c21 cm. |
||
| 653 | _aDebates. | ||
| 653 | _aTelevisión y política. | ||
| 653 | _aCampañas electorales. | ||
| 653 |
_aMadrid (Comunidad autónoma) _aElecciones, 2003. |
||
| 700 | 1 |
_aArceo Vacas, José Luis, _ecoord. |
|
| 938 |
_aPuvill Libros _bPUVL _n9788497451659 _c$40.00 |
||
| 942 |
_2lcc _cbk |
||
| 994 |
_aC0 _bDRFGD |
||
| 999 |
_c110478 _d110478 |
||